Normal view
MARC view
Entry Personal Name
001 - CONTROL NUMBER
- control field: 63784
003 - CONTROL NUMBER IDENTIFIER
- control field: dpl
005 - DATE AND TIME OF LATEST TRANSACTION
- control field: 20240321124128.0
008 - FIXED-LENGTH DATA ELEMENTS
- fixed length control field: 240321|| aca||aabn | a|a d
040 ## - CATALOGING SOURCE
- Original cataloging agency: dpl
- Transcribing agency: dpl
100 ## - HEADING--PERSONAL NAME
- Personal name: उपाध्याय आदित्यनाथ
670 ## - SOURCE DATA FOUND
- Source citation: Work cat.: (dpl)201708: उपाध्याय आदित्यनाथ , हिन्दुस्तानी संगीत गायन-संपूर्ण/, 2023
